15 principales países afectados por Covid19 - 8 de septiembre 2021 - Estadísticas

Estadísticas generales
  • Esta prueba ha sido intentada 5 veces
  • La puntuación promedio es 17 de 26
Estadísticas de respuestas
país % Correcto
Brasil
100%
España
100%
Estados Unidos
100%
Francia
100%
Irán
100%
México
100%
Reino Unido
100%
Rusia
100%
Turquía
100%
Alemania
80%
Argentina
80%
Colombia
80%
India
80%
Italia
80%
Países Bajos
80%
Indonesia
60%
Panamá
60%
Uruguay
40%
Baréin
20%
Chequia
20%
Eslovenia
20%
Estonia
20%
Georgia
20%
Israel
20%
Lituania
20%
Suecia
20%
No se encontraron pruebas coincidentes
Distribución de puntuación
Porcentaje de gente con cada puntuación
Porcentaje por número respondido
Historial de tus puntuaciones
No has intentado esta prueba.